|
|
|
|
| LEADER |
00000cam a2200000 a 4500 |
| 001 |
vtls008319681 |
| 003 |
SK-MaSNL |
| 005 |
20260311134004.0 |
| 008 |
240318s1960 xo a 000 0 slo |
| 015 |
|
|
|a SNBA1960/05-00652
|
| 035 |
|
|
|a SK01SNK19600011898
|
| 035 |
|
|
|a SKM000014361
|
| 040 |
|
|
|a SNK
|b slo
|c SNK
|e AACR2
|
| 041 |
1 |
|
|a slo
|
| 044 |
|
|
|a xo
|c SK
|
| 080 |
|
|
|a 342.8(437)"1960"
|2 1981
|
| 100 |
1 |
|
|a Tahyová, Elena
|4 aut
|9 428822
|
| 245 |
1 |
0 |
|a Za víťazné voľby, za socializmus a mier!
|b metodický poradca osvetových pracovníkov k voľbám
|c sprac. Tahyová
|
| 260 |
|
|
|a Bratislava
|b Osvetový ústav
|c 1960
|
| 300 |
|
|
|a 98 s.
|b tab.
|c 8°
|
| 366 |
|
|
|e 2500 výt.
|
| 648 |
|
7 |
|a 1960
|2 SNKPH
|9 307314
|
| 650 |
0 |
7 |
|a voľby
|2 SNKPH
|9 1580
|
| 651 |
|
7 |
|a Československo
|2 SNKPH
|9 21376
|
| 655 |
|
7 |
|a príručky
|2 SNKPH
|9 74364
|
| 958 |
|
|
|a OND
|
| 958 |
|
|
|a RM
|
| 958 |
|
|
|a RK
|
| 999 |
|
|
|c 865327
|d 867257
|
| 952 |
|
|
|a SNK
|b SNK
|y PREZ
|7 0
|o snkB 6334
|0 0
|1 0
|4 0
|d 2014-02-06
|l 0
|r 2026-02-24 05:24:58
|w 2026-02-24
|
| 952 |
|
|
|a SNK
|b SNK
|y VYP
|7 0
|o snkB 6334 D1
|0 0
|1 0
|4 0
|d 2014-02-06
|l 0
|r 2026-02-24 05:24:59
|w 2026-02-24
|